Countries with foreign military bases - Statistics

General Stats
  • This quiz has been taken 49 times
  • The average score is 16 of 19
Answer Stats
Host nation(s): Military power: % Correct
Abkhazia, Armenia, Belarus, Burkina Faso, Central African Republic, Kazakhstan, Kyrgyzstan, Mali, Niger, South Ossetia, Syria, Tajikistan, Transnistria, Ukraine Russia
98%
Belize, Brunei, Canada, Cyprus, Germany, Kenya, Nepal, Norway, Oman, Qatar, Sierra Leone, Singapore, United Arab Emirates United Kingdom
98%
Akrotiri and Dhekelia, Albania, Aruba, Ascension Island, Australia, Bahamas, Bahrain, Belgium, Bosnia and Herzegovina, British Indian Ocean Territory, Bulgaria, Cameroon, Canada, Cuba, Curaçao, Djibouti, El Salvador, Estonia, Germany, Greece, Greenland, Honduras, Iceland, Iraq, Israel, Italy, Japan, Jordan, Kenya, Kosovo, Lithuania, Marshall Islands, Netherlands, Norway, Philippines, Poland, Portugal, Romania, Qatar, Saudi Arabia, Seychelles, Singapore, Somalia, South Korea, Spain, Syria, Thailand, Turkey, United Arab Emirates, United Kingdom United States
98%
Cambodia, Djibouti, Tajikistan China
95%
Djibouti, Gabon, Germany, Jordan, United Arab Emirates France
93%
Albania, Azerbaijan, Bosnia and Herzegovina, Chad, Iraq, Kosovo, Libya, Northern Cyprus, Qatar, Somalia, Sudan, Syria Turkey
93%
Djibouti Saudi Arabia
91%
France, Lithuania Germany
88%
Cyprus Greece
88%
Iraq, Lebanon, Tajikistan Iran
88%
Azerbaijan, Syria Israel
86%
Bhutan, Madagascar, Mauritius, Oman, Seychelles, Tajikistan India
84%
Djibouti, Niger Italy
84%
Djibouti Japan
84%
Libya, Yemen United Arab Emirates
84%
Malaysia, United Arab Emirates Australia
81%
Saudi Arabia Pakistan
72%
Brunei, Thailand Singapore
63%
Kuwait Bangladesh
37%
No matching quizzes found
Score Distribution
Percent of People with Each Score
Percentile by Number Answered
Your Score History
You have not taken this quiz